=LDR 00000nam 2200000 4500 =001 INLIS000000000021896 =005 20130612120717 =008 ***********************************Ind** =035 ##$$0010-061300000021896 =041 ##$$a Ind =082 ##$$a 418.02 =090 ##$$a 418.02, Sug p =100 ##$$a Sugeng, A.J =245 ##$$a Pedoman penerjemahan, Drs. A.J Soegeng =260 ##$$a 1994 $b Semarang =300 ##$$a 116 hlm, 21 cm =650 ##$$a Bahasa Indonesia Baku =850 ##$$a NBPNMAT